| 000 | nam a22 7a 4500 | ||
|---|---|---|---|
| 999 |
_c25795 _d25795 |
||
| 008 | 170201b xxu||||| |||| 00| 0 eng d | ||
| 020 | _a0939007452 | ||
| 050 | _aLB3013 .C36 1992 | ||
| 100 | _aCanter,Lee | ||
| 245 |
_aLee Canter's assertive discipline: _bpositive behaviour management for today's classroom/ _cLee,Canter ;Marlene Canter |
||
| 260 |
_aSanta Monica : _bCanter & Associates, Inc. , _cc1992 |
||
| 300 |
_axv,263p. : _c27cm. |
||
| 700 | _aCanter,Marlene | ||
| 942 |
_2lcc _cBOOKS _hLB3013 .C36 1992 |
||